Vom shwarzen Loch Europas zum Tatra-Tiger - von der Diktatur zur Scheindemokratie
Poukázanie na vybrané problémy súčasnej slovenskej spoločnosti. Analýza hypotézy, že ťažkosti súčasnej demokracie na Slovensku súvisia buď s dedičstvom komunistického režimu alebo sú dôsledkom defektovej demokracie z Mečiarovskej éry.
Salvato in:
| Autore principale: | |
|---|---|
| Natura: | Capitolo di libro |
| Lingua: | tedesco |
| Soggetti: | |
| Tags: |
Nessun Tag, puoi essere il primo ad aggiungerne!!
|
MARC
| LEADER | 00000naa$a2200000$$$4500 | ||
|---|---|---|---|
| 001 | 0249348 | ||
| 005 | 20240502083710.5 | ||
| 041 | 0 | |a ger | |
| 044 | |a DE | ||
| 245 | 1 | 0 | |a Vom shwarzen Loch Europas zum Tatra-Tiger - von der Diktatur zur Scheindemokratie |c Radoslav Štefančík |
| 520 | |a Poukázanie na vybrané problémy súčasnej slovenskej spoločnosti. Analýza hypotézy, že ťažkosti súčasnej demokracie na Slovensku súvisia buď s dedičstvom komunistického režimu alebo sú dôsledkom defektovej demokracie z Mečiarovskej éry. | ||
| 610 | 2 | 0 | |a spoločnosť |
| 610 | 2 | 0 | |a politika |
| 610 | 2 | 0 | |a demokracia |
| 610 | 2 | 0 | |a komunizmus |
| 610 | 2 | 0 | |a vývoj politický |
| 610 | 2 | 0 | |a vývoj spoločenský |
| 100 | 1 | |a Štefančík, Radoslav, 1976- | |